All Cimorelli Songs - Statistics

General Stats
  • This quiz has been taken 15 times
  • The average score is 28 of 80
Answer Stats
Answer % Correct
If It Isn't You
82%
Made In America
82%
Million Bucks
73%
Fall Back
64%
You're Worth It
64%
Before October's Gone
55%
Believe It
55%
Hearts on Fire
55%
Renegade
55%
Sad Girls Club
55%
That Girl Should Be Me
55%
Up At Night
55%
Wings
55%
32 Degrees
45%
Acid Rain
45%
Alive
45%
All My Friends Say
45%
Blue
45%
Boy in a Band
45%
Delaney
45%
Hope for It
45%
I Got You
45%
I Like It
45%
I'm a Mess
45%
Make It Stronger
45%
Pretty Pink
45%
Worth the Fight
45%
Easy to Forget Me
36%
Everything You Have
36%
Galaxy
36%
Girls Like Me
36%
Good Enough
36%
Headlights
36%
I Am Enough
36%
I Know You Know It
36%
Kryptonite
36%
Never Let Me Fall
36%
One More Night
36%
Sunsets and Heartbreak
36%
Superstar
36%
The Love of a Man
36%
The One
36%
What Kind Of Girl
36%
Wrong
36%
BAD
27%
Believe In You
27%
Brave Heart
27%
Cars + Parking Lots
27%
Christmas Lights
27%
Christmas of Love
27%
Come Over
27%
Find Me
27%
Here's to Us
27%
Kick the Habit
27%
Last Summer
27%
Move On
27%
My God Is Here
27%
New Year, New Me
27%
The Way We Live
27%
Where It All Ended
27%
Who Told You
27%
Your Name Is Forever
27%
A Lot Like Love
18%
Do You Know
18%
Hello There
18%
Love Song (Over Me)
18%
No Good
18%
ok well i guess that's it then
18%
On The Radio
18%
Singing My Song
18%
Single On Valentine's Day
18%
Someone To Chase
18%
Stay Together
18%
Unsaid Things
18%
Watcha Think About Us
18%
What I Do
18%
You Got Me Good
18%
All The Days Of My Life
0%
Everything Has Changed
0%
Thirst for Life
0%
No matching quizzes found
Score Distribution
Percent of People with Each Score
Percentile by Number Answered
Your Score History
You have not taken this quiz